000 00456cam a22001217a 4500
008 180718b-- xxu||||| |||| 00| 0 eng d
082 _aL906x5444 G
245 _aAccounts at a glance, Karnataka
260 _aBangalore
_bAccountant General (Accounts and Entitlements)
_c--
500 _aLibrary has 2002/03-2004/05, 2007/08-2008/09
650 _aKarnataka - Appropriations and expenditures
700 _aKarnataka. Accountant General (Accounts and Entitlements)
999 _c477298
_d477298